书目信息 |
| 题名: |
走进数码摄影
|
|
| 作者: | 刘文开 | |
| 分册: | ||
| 出版信息: | 北京 国防工业出版社 2003 |
|
| 页数: | 387 | |
| 开本: | 20cm | |
| 丛书名: | ||
| 单 册: | ||
| 中图分类: | TB879 | |
| 科图分类: | ||
| 主题词: | 摄影技术 | |
| 电子资源: | ||
| ISBN: | 7-118-02872-X | |
| 000 | 00516nam0 2200193 450 | |
| 001 | 0739037328 | |
| 005 | 20070817105037.32 | |
| 010 | @a7-118-02872-X@b精装@d¥29.00 | |
| 100 | @a20070817d km y0chiy0120 ea | |
| 101 | 0 | @achi |
| 200 | 1 | @a走进数码摄影@Azou jin shu ma she ying@f刘文开@Fliu wen kai |
| 205 | @a2版 | |
| 210 | @a北京@c国防工业出版社@d2003 | |
| 215 | @a387@d20cm | |
| 606 | 0 | @a摄影技术 |
| 690 | @aTB879@v3 | |
| 701 | 0 | @a刘文开@Aliu wen kai |
| 801 | 0 | @aCN@bPFT@c20070817 |
| 905 | @a213230@dTB879@eM24 | |
| 走进数码摄影/刘文开.-2版.-北京:国防工业出版社,2003 |
| 387;20cm |
| ISBN 7-118-02872-X(精装):¥29.00 |
| ● |
| 相关链接 |
|
|
|
|
正题名:走进数码摄影
索取号:TB879/M24
 
预约/预借
| 序号 | 登录号 | 条形码 | 馆藏地/架位号 | 状态 | 备注 |
| 1 | 6400691 | 264006916 | 密集书库-美术系/ [索取号:TB879/M24] | 在馆 |